Statistics for Can You Name Every Roller Coaster at Seaworld Owned Parks?

Click here to take the quiz!

General Stats

  • This quiz has been taken 90 times
  • The average score is 25 of 39

Answer Stats

HintAnswer% Correct
Seaworld OrlandoMako
94%
Seaworld OrlandoManta
94%
Seaworld San DiegoManta
94%
Seaworld OrlandoKraken
89%
Seaworld OrlandoIce Breaker
86%
Busch Gardens TampaIron Gwazi
84%
Busch Gardens TampaMontu
83%
Busch Gardens TampaSheikra
79%
Busch Gardens TampaKumba
78%
Busch Gardens WilliamsburgAlpengeist
75%
Busch Gardens TampaScorpion
75%
Busch Gardens TampaCheetah Hunt
73%
Seaworld OrlandoPipeline
73%
Busch Gardens WilliamsburgPantheon
70%
Busch Gardens TampaTigris
70%
Busch Gardens TampaCobra's Curse
68%
Seaworld San DiegoEmperor
67%
Busch Gardens WilliamsburgGriffon
67%
Busch Gardens WilliamsburgVerbolten
67%
Busch Gardens WilliamsburgApollo's Chariot
63%
Busch Gardens TampaAir Grover
62%
Seaworld San DiegoElectric Eel
62%
Seaworld OrlandoJourney to Atlantis
60%
Seaworld San AntonioJourney To Atlantis
60%
Seaworld San DiegoJourney to Atlantis
60%
Busch Gardens TampaSand Serpent
60%
Seaworld San AntonioSteel Eel
60%
Busch Gardens WilliamsburgLoch Ness Monster
57%
Busch Gardens WilliamsburgTempesto
56%
Busch Gardens WilliamsburgInvadr
52%
Seaworld OrlandoSuper Grover
51%
Seaworld San AntonioSuper Grover
51%
Seaworld San AntonioGreat White
49%
Seaworld San AntonioTexas Stingray
48%
Seaworld San AntonioWave Breaker
48%
Busch Gardens WilliamsburgDarkoaster
41%
Busch Gardens WilliamsburgGrover's Alpine Express
41%
Seaworld San DiegoTidal Twister
41%
Seaworld San DiegoArctic Rescue
38%

Score Distribution

Percentile by Number Answered

Percent of People with Each Score

Your Score History

You have not taken this quiz